000 00669nam a2200229 a 4500
999 _c10844
_d10844
001 10844
003 BD-JhCC
005 20200328134008.0
008 190521b20102016bg |||| ||a| 000 0 ben d
020 _a9847010502855
035 _a(BD-JhCC)10844
040 _aBD-JhCC
_dBD-JhCC
041 _aben
082 _a891.443
_bMIL 2016
100 _aমিলন, ইমদাদুল হক
245 _aসমগ্র কিশোর উপন্যাস /
_cইমদাদুল হক মিলন
260 _aঢাকা,
_bঅনন্যা ;
_c2016.
300 _a343 p. :
_c22 cm.
650 _aBengali Novel
942 _2ddc
_cBK
_02